| 000 | 00760nam a22002172 4500 | ||
|---|---|---|---|
| 001 | 0000023780 | ||
| 005 | 20151217145943.0 | ||
| 008 | 130325s xx 000 0 eng d | ||
| 020 | _a0821385593 : | ||
| 040 |
_aKABU _cKABU |
||
| 245 | 1 | 0 |
_aStrategic environmental assessment in policy and sector reform : _bconceptual model and operational guidance / _cWorld Bank ... [et al.]. |
| 250 | _a1st ed. | ||
| 260 |
_aWashington, D. C. : _bWorld Bank, _c2011. |
||
| 300 | _axii, 222 p. | ||
| 650 | 0 |
_aEnvironmental impact analysis. _@0000156236 |
|
| 650 | 0 |
_aStrategic planning _xEnvironmental aspects. _@0000167485 |
|
| 710 | 2 |
_aWorld Bank. _@0000150142 |
|
| 852 | 1 | _9p1450 KES | |
| 908 | _a130325 | ||
| 950 | _@1 | ||
| 999 |
_c4432 _d4432 |
||